000 00927nam a22003017a 4500
001 BR8904925
003 BR-BrBNA
005 20230928093320.0
007 ta
008 230509b bl.||||| |||| 00| 0 por d
040 _aBR-BrBNA
_bpor
_cBiblioteca Nacional de Agricultura
041 _a(Por)
072 _aL02; Q54
_b5200
090 _ 5200 BR8904925
100 1 _aAvila, S.C. de
110 1 _aUniversidade Federal de Minas Gerais, Belo Horizonte (Brasil). Escola de Veterinaria
_0Tese (Mestrado)
245 1 _aBagaco de cana tratado com hidroxido de sodio, para ruminantes
260 3 _aBelo Horizonte, MG (Brasil):
_c1989.
300 _a76 p.
500 _aBibliography p. 49-66 (142 ref.); Summary (Por); 11 tables
650 _aCANA DE ACUCAR
650 _aBAGACO
650 _aNUTRICAO ANIMAL
650 _aRACAO
650 _aHIDROXIDO DE SODIO
909 _a202309
_bLucia
_c55
_dLucia Elande
942 _cBK
999 _c44270
_d44270